00385nam a22001457a 450000500170000002000220001708200160003910000250005524500570008026000360013730000100017370000250018394200120020899900190022020251022151314.0 a978-1-032-30029-0 a578.77KIM/M aKim,Se-Kwon ed93174 aMarine Biochemistry:Applications/cby Se-Kwon Kim ed a.-Boca Ratonb:CRC Pressc,2023 a389p. aKim,Se-Kwon ed93174 2ddccBK c752332d752332